| 000 | 00522nam a2200193Ia 4500 | ||
|---|---|---|---|
| 003 | OSt | ||
| 005 | 20251103152759.0 | ||
| 008 | 210210b1984 xxu||||| |||| 00| 0 eng d | ||
| 040 | _cAL | ||
| 041 | _aKannada | ||
| 082 | _aK894.1 VIDP | ||
| 100 |
_aVIDYAPATI _d ವಿದ್ಯಾಪತಿ _9243579 |
||
| 245 |
_aPranaya padavali. _bಪ್ರಣಯ ಪದಾವಳಿ |
||
| 260 |
_aMysore _bTa Vem Smaraka Granthamale _c1984 |
||
| 300 | _a80 | ||
| 690 |
_aKannada Poetry _9243580 |
||
| 906 | _aSG03262 | ||
| 942 |
_2ddc _cBK |
||
| 999 |
_c113862 _d113862 |
||